<?xml version="1.0" encoding="UTF-8"?>
<record
    xmlns:xsi="http://www.w3.org/2001/XMLSchema-instance"
    xsi:schemaLocation="http://www.loc.gov/MARC21/slim http://www.loc.gov/standards/marcxml/schema/MARC21slim.xsd"
    xmlns="http://www.loc.gov/MARC21/slim">

  <leader>01224naa a2200229 i 4500</leader>
  <controlfield tag="001">10581</controlfield>
  <controlfield tag="003">KOSZ 005</controlfield>
  <controlfield tag="005">20180523111050.0</controlfield>
  <controlfield tag="008">151208s1998    pl     f     |100 0 pol</controlfield>
  <datafield tag="040" ind1=" " ind2=" ">
    <subfield code="c">BPK</subfield>
    <subfield code="d">KOSZ 005/EG</subfield>
  </datafield>
  <datafield tag="041" ind1=" " ind2=" ">
    <subfield code="a">pol</subfield>
  </datafield>
  <datafield tag="044" ind1=" " ind2=" ">
    <subfield code="a">POL</subfield>
  </datafield>
  <datafield tag="080" ind1=" " ind2=" ">
    <subfield code="a">537</subfield>
  </datafield>
  <datafield tag="100" ind1="1" ind2=" ">
    <subfield code="a">DANILKEVITCH, Metchislav.</subfield>
    <subfield code="d">1996 - 2004.</subfield>
    <subfield code="b">Politechnika Koszali&#x144;ska - Wydzia&#x142; Elektroniki,</subfield>
    <subfield code="c">Katedra Podstaw Elektroniki</subfield>
  </datafield>
  <datafield tag="245" ind1="1" ind2="0">
    <subfield code="a">&#x423;&#x447;&#x451;&#x442; &#x434;&#x438;&#x441;&#x43F;&#x435;&#x440;&#x441;&#x438;&#x438; &#x43C;&#x430;&#x433;&#x43D;&#x438;&#x442;&#x43D;&#x43E;&#x439; &#x438; &#x434;&#x438;&#x44D;&#x43B;&#x435;&#x43A;&#x442;&#x440;&#x438;&#x447;&#x435;&#x441;&#x43A;&#x43E;&#x439; &#x43F;&#x440;&#x43E;&#x43D;&#x438;&#x446;&#x430;&#x435;&#x43C;&#x43E;&#x441;&#x442;&#x435;&#x439; &#x432; &#x440;&#x430;&#x441;&#x447;&#x435;&#x442;&#x435; &#x445;&#x430;&#x440;&#x430;&#x43A;&#x442;&#x435;&#x440;&#x438;&#x441;&#x442;&#x438;&#x43A; &#x43D;&#x435;&#x43A;&#x43E;&#x442;&#x43E;&#x440;&#x44B;&#x445; &#x444;&#x435;&#x440;&#x440;&#x438;&#x442;&#x43E;&#x432;&#x44B;&#x445; &#x443;&#x441;&#x442;&#x440;&#x43E;&#x439;&#x441;&#x442;&#x432; /</subfield>
    <subfield code="c">&#x41C;. &#x418;. &#x414;&#x430;&#x43D;&#x438;&#x43B;&#x44C;&#x43A;&#x435;&#x432;&#x438;&#x447;.</subfield>
  </datafield>
  <datafield tag="500" ind1=" " ind2=" ">
    <subfield code="a">Dane z Informatora o publikowanych wynikach prac naukowo-badawczych w 1998 roku.</subfield>
  </datafield>
  <datafield tag="650" ind1=" " ind2="0">
    <subfield code="a">Ferromagnetyki.</subfield>
  </datafield>
  <datafield tag="655" ind1=" " ind2="0">
    <subfield code="a">Materia&#x142;y konferencyjne.</subfield>
  </datafield>
  <datafield tag="711" ind1="2" ind2="2">
    <subfield code="a">&#x41C;&#x430;&#x433;&#x43D;&#x438;&#x442;&#x43D;&#x44B;&#x435; &#x43C;&#x430;&#x442;&#x435;&#x440;&#x438;&#x430;&#x43B;&#x44B; &#x438; &#x438;&#x445; &#x43F;&#x440;&#x438;&#x43C;&#x435;&#x43D;&#x435;&#x43D;&#x438;&#x435;</subfield>
    <subfield code="d">(1998 ;</subfield>
    <subfield code="c">&#x41C;&#x438;&#x43D;&#x441;&#x43A;).</subfield>
    <subfield code="p">&#x41C;&#x41C;&#x41F;'98</subfield>
  </datafield>
  <datafield tag="773" ind1="0" ind2=" ">
    <subfield code="i">W :</subfield>
    <subfield code="t">&#x41C;&#x435;&#x436;&#x434;&#x443;&#x43D;&#x430;&#x440;&#x43E;&#x434;&#x43D;&#x430;&#x44F; &#x41D;&#x430;&#x443;&#x447;&#x43D;&#x430;&#x44F; &#x41A;&#x43E;&#x43D;&#x444;&#x435;&#x440;&#x435;&#x43D;&#x446;&#x438;&#x44F;  "&#x41C;&#x430;&#x433;&#x43D;&#x438;&#x442;&#x43D;&#x44B;&#x435; &#x43C;&#x430;&#x442;&#x435;&#x440;&#x438;&#x430;&#x43B;&#x44B; &#x438; &#x438;&#x445; &#x43F;&#x440;&#x438;&#x43C;&#x435;&#x43D;&#x435;&#x43D;&#x438;&#x435;" : &#x442;&#x435;&#x437;&#x438;&#x441;&#x44B; &#x434;&#x43E;&#x43A;&#x43B;&#x430;&#x434;&#x43E;&#x432;. -</subfield>
    <subfield code="d">&#x41C;&#x438;&#x43D;&#x441;&#x43A;, 1998. -</subfield>
    <subfield code="g">s. 90-91</subfield>
  </datafield>
  <datafield tag="942" ind1=" " ind2=" ">
    <subfield code="c">ROZ</subfield>
    <subfield code="2">UKD</subfield>
  </datafield>
  <datafield tag="999" ind1=" " ind2=" ">
    <subfield code="c">10581</subfield>
    <subfield code="d">10581</subfield>
  </datafield>
</record>
